000
00156nam a22000857a 4500
082
_a
SPE
100
_a
Speiegal
245
_a
Advanced mathematics
942
_c
BK
999
_c
15314
_d
15314